Critics' Top Ten Films of the 2000s Quiz Stats

Quiz Updated Aug 13, 2012

Challenge
Share
Tweet
Embed
Score 0/100 Timer 15:00
1 Play Today
% Correct
2. The Lord of the Rings Trilogy
84.8%
1. The Lord of the Rings Trilogy
84.8%
8. The Lord of the Rings Trilogy
84.8%
10. Avatar
79.1%
9. Avatar
79.1%
7. The Dark Knight
75.2%
5. The Dark Knight
75.2%
10. The Dark Knight
75.2%
2. The Hurt Locker
65.9%
7. The Hurt Locker
65.9%
3. No Country for Old Men
63.4%
4. No Country for Old Men
63.4%
5. Batman Begins
61.5%
9. Inglourious Basterds
56.7%
4. The Departed
52.1%
4. Slumdog Millionaire
51.6%
7. Kill Bill, Vol. 1
51.4%
3. The Lord of the Rings: The Return of the King
48.8%
3. Memento
46.7%
5. Memento
46.7%
2. The Lord of the Rings: The Two Towers
46%
1. There Will Be Blood
43.9%
1. There Will Be Blood
43.9%
1. There Will Be Blood
43.9%
3. There Will Be Blood
43.9%
6. Lost in Translation
42.3%
7. Lost in Translation
42.3%
9. Almost Famous
38%
10. Almost Famous
38%
4. Team America: World Police
36%
8. Team America: World Police
36%
5. Crouching Tiger, Hidden Dragon
35.3%
9. Fahrenheit 9/11
34.1%
10. Fahrenheit 9/11
34.1%
% Correct
6. Moulin Rouge!
31.6%
1. The Pianist
31.2%
1. A.I. Artificial Intelligence
27.8%
2. Requiem for a Dream
26.4%
4. Juno
26.3%
6. The Royal Tenenbaums
25.4%
5. Spirited Away
25.2%
6. Spirited Away
25.2%
2. Spirited Away
25.2%
1. Eternal Sunshine of the Spotless Mind
24%
3. Mulholland Dr.
21.6%
2. Sideways
21.2%
3. Sideways
21.2%
1. Letters from Iwo Jima
20.8%
2. United 93
19.9%
7. United 93
19.9%
3. United 93
19.9%
2. United 93
19.9%
5. Amélie
19.2%
6. Amélie
19.2%
4. Children of Men
17.2%
10. Children of Men
17.2%
10. A Serious Man
17%
1. WALL-E
16.3%
6. Zodiac
16.3%
5. The New World
14.3%
9. The New World
14.3%
9. The New World
14.3%
8. 25th Hour
14.2%
2. 25th Hour
14.2%
8. Cast Away
14%
1. Synecdoche, New York
13.1%
4. The Diving Bell and the Butterfly
13%
9. The Diving Bell and the Butterfly
13%
% Correct
3. Master and Commander: The Far Side of the World
12.8%
6. Borat
9.8%
2. Borat
9.8%
3. Talk to Her
9.6%
8. Dogville
9%
5. The White Ribbon
8.9%
10. The White Ribbon
8.9%
3. Monster
8.5%
8. Hidden
7.9%
6. Far From Heaven
7.6%
9. In the Mood for Love
6.5%
5. Me and You and Everyone We Know
5.7%
10. In the Bedroom
5.2%
4. I'm Not There.
5.2%
4. The Fog of War
4.9%
7. 4 Months, 3 Weeks and 2 Days
4.7%
7. 4 Months, 3 Weeks and 2 Days
4.7%
5. 4 Months, 3 Weeks and 2 Days
4.7%
7. Once
3.9%
4. Yi Yi
3.6%
7. The Son
3.6%
10. Lady Vengeance
3.3%
10. My Winnipeg
3.1%
6. Chop Shop
2.5%
8. Capturing the Friedmans
2.4%
8. Man on Wire
2.3%
8. The White Diamond
1.6%
6. The Son's Room
1.4%
8. The Death of Mr. Lazarescu
1.4%
9. Moolaadé
1.2%
7. Divine Intervention
1%
9. Time Out
0.9%

You're not logged in!

Compare scores with friends on all Sporcle quizzes.
Sign Up with Email
OR
Log In

You Might Also Like...

Show Comments

Extras

Top Quizzes Today


Score Distribution

Your Account Isn't Verified!

In order to create a playlist on Sporcle, you need to verify the email address you used during registration. Go to your Sporcle Settings to finish the process.